00991nam a2200229 a 450000100080000000500110000800800410001902000150006010000210007524500540009626000840015030000210023449000560025550000240031152003080033565000110064365000210065465000250067565000240070065000260072465000110075015671422008-05-30 2002 bl uuuu u0uu1 u #d a85887648651 aTORRES, R. de A. aCana-ureiabalimento de baixo custo para bovinos. aJuiz de Fora: Embrapa Gado de Leite; Vicosa: Centro de Producoes Tecnicasc2002 c1 fita de video. a(Embrapa Gado de Leite. Serie Pastagem e Nutricao). aAcompanha um livro. aUso da cana em diferentes condicoes, categoria animal e raca; Aspectos nutricionais da cana; A ureia corrigindo o baixo teor de proteina; Formacao e cultivo do canavial; Uso da cana com ureia da colheita ao fornecimento; Problemas na utilizacao; Erros mais comuns cometidos pelos usuarios da cana-ureia. aBovino aCana de Açúcar aComposto Nitrogenado aCusto de Produção aSaccharum Officinarum aUréia